| 000 | 00727nam a2200217 i 4500 | ||
|---|---|---|---|
| 001 | 39556 | ||
| 003 | ES-MaACL | ||
| 005 | 20250610143101.0 | ||
| 007 | t| | ||
| 008 | 030303s1931 sp ||||1| spa d | ||
| 245 | 0 | 0 |
_aCancionero popular de Extremadura / _ccolección, estudio y notas de Bonifacio Gil García. |
| 260 |
_aValls : _b[s.n., _c1931] ( _fE. Castells) |
||
| 300 |
_a2 v. ; _c24 cm. |
||
| 500 | _aPrecede al tít.: Centro de Estudios Extremeños, Badajoz. | ||
| 500 | _aNotac. musicales. | ||
| 650 | 4 |
_aCanciones populares- _zExtremadura. _910734 |
|
| 700 | 1 |
_aGil, Bonifacio, _d1898-1964 _956719 |
|
| 710 | 2 |
_aCentro de Estudios Extremeños. _92625 |
|
| 852 |
_aES-MaACL _jC-12001-2 |
||
| 999 |
_c39556 _d39556 |
||